| 000 | 00989cab a2200301 4500 | ||
|---|---|---|---|
| 001 | ABS50515 | ||
| 008 | 090401t1994 xxu||||| |||| 00| 0 eng d | ||
| 035 | _a(Sirsi) u76290 | ||
| 041 | _aeng | ||
| 100 | _aFyson, A. | ||
| 245 | _aSquaring circles | ||
| 260 | _c1994 | ||
| 350 | _a0 | ||
| 490 |
_aPlanning Week _v2(12) 24 March 1994, 18-19(2) |
||
| 520 | _aAn interview with the Minister for Local Government and Planning, which hints at larger economic boundaries for some strategic planning functions, along the lines of SERPLAN, and talks about local authority organisation and planning and interventionism. | ||
| 650 |
_aBoundary disputes _96221 |
||
| 650 | _aGOVERNMENT POLICY | ||
| 650 | _aINTERVENTION | ||
| 650 | _aLOCAL AUTHORITIES | ||
| 650 | _aLOCAL GOVERNMENT COMMISSION | ||
| 650 | _aLOCAL GOVERNMENT | ||
| 650 | _aLONDON | ||
| 650 | _aPLANNING POLICY | ||
| 650 | _aSERPLAN | ||
| 690 | _aPLANNING LAW AND PRACTICE | ||
| 942 | _n0 | ||
| 948 | _c04/03/1997 | ||
| 999 |
_c48004 _d48004 |
||